000 00689nam a22001817a 4500
003 OSt
005 20260302161658.0
008 260302b |||||||| |||| 00| 0 eng d
040 _c0
082 _aDPer 372.21 C437 January-December 2024 v.100 n.1-6
100 _aDick, Rhona Anne.
_eauthor.
_969893
245 _aEnriched Learners or Screen Zombies /
_cRhona Anne Dick.
260 _aWashington, DC., USA.
_bChildhood Education International
_cMarch-April 2024.
300 _aVolume 100, pages 48-53 ;
_billustration ;
_c27 cm.
500 _aChildhood Education Innovations, vol. 100 no. 2, pages 48-53, March-April 2024.
700 _aDick, Rhona Anne.
_eauthor.
_969893
942 _2ddc
_cPER
999 _c24387
_d24387